000 00566nam a22001817a 4500
005 20130528150144.0
010 _aENG-107144
020 _a9781445417639
_c395.00
035 _aEN-90677
037 _bDBAD/PUB
082 _a909
245 1 0 _aGreat civilisations:
_bdiverse and magnificent cultures
260 _aUK
_bParragon Books
_c2011
270 _a Rhythm Book Distributors, Old no. 4, new no. 5, Jeenis Road, Saidapet
_bChennai
_e600015
300 _a320p.:
_c18cm(Hb)
_bcol.ill.
500 _aIncludes index
942 _2ddc
_cEN
_h909
_mGRE
999 _c75626
_d75626